000 00620nam a2200229Ia 4500
003 OSt
005 20221005121633.0
006 a|||||r|||| 00| 0
007 ta
008 221004b |||||||| |||| 00| 0 eng d
024 _a63342
037 _cTextual
040 _aCRL
_cCRL
_beng
041 _2eng
_aeng
082 _aV236:1:M8, C1
100 _aMuhammad Latif
_9630888
245 0 _aHistory of the Punjab
_b From the remotest antiquity to the present time.
260 _c1891
650 _aPUNJAB - HISTORY
942 _hV236:1:M8, C1
_cTEXL
_2cc
999 _c1041796
_d1041796